00417pab a2200145 454500008004000000100001800040245007200058260000900130300001500139362000800154650003600162650002100198700001900219773003300238180718b2005 xxu||||| |||| 00| 0 eng d aSchofer, Evan aThe worldwise expansionof higher education in the twentieth century c2005 ap.898-920. aDec aHigher education - 20th century aHigher education aMeyer, John W. aAmerican Sociological Review